Province dell'Italia Fascista nel 1942 su una Mappa - Statistics

Statistiche generali
  • Questo quiz è stato fatto 130 volte
  • Il punteggio medio è 67 su 102
Risposte nella Mappa
Le risposte nella mappa del quiz sottostante sono codificate secondo una scala di colori dal rosso al verde in base alla % di persone che hanno risposto correttamente.
 
Statistiche sulle risposte
Risposta % Corretto
Torino
87%
Trieste
85%
Cagliari
84%
Roma
83%
Milano
80%
Venezia
80%
Bergamo
79%
Bologna
78%
Pisa
78%
Trento
78%
Udine
78%
Bari
77%
Genova
77%
Napoli
77%
Palermo
77%
Sassari
77%
Catania
76%
Firenze
76%
Ragusa
76%
Aosta
74%
Brescia
74%
Livorno
74%
Modena
74%
Reggio di Calabria
74%
Verona
74%
Como
73%
Cremona
73%
Gorizia
73%
Lecce
73%
Mantova
73%
Siracusa
73%
Catanzaro
72%
Cuneo
72%
Lucca
72%
Messina
72%
Perugia
72%
Foggia
71%
Padova
71%
Parma
71%
Siena
71%
Viterbo
71%
Agrigento
70%
Asti
70%
Bolzano
70%
Ferrara
70%
La Spezia
70%
Potenza
70%
Ravenna
70%
Reggio nell’Emilia
70%
Salerno
70%
Savona
70%
Vicenza
70%
Alessandria
68%
Ancona
68%
Belluno
68%
Imperia
68%
Novara
68%
Nuoro
68%
Benevento
67%
Brindisi
67%
Cosenza
67%
Frosinone
67%
Grosseto
67%
Matera
67%
Trapani
67%
Treviso
67%
Arezzo
66%
Avellino
66%
Caltanissetta
66%
Campobasso
66%
L'Aquila
66%
Pavia
66%
Piacenza
66%
Sondrio
66%
Tripoli
66%
Pistoia
65%
Rovigo
65%
Vercelli
65%
Enna
63%
Forlì
63%
Macerata
63%
Pescara
63%
Rieti
63%
Terni
63%
Pesaro
62%
Teramo
60%
Varese
60%
Ascoli
59%
Chieti
59%
Zara
59%
Pola
57%
Spalato
46%
Lubiana
40%
Littoria
38%
Dodecaneso
28%
Bengasi
27%
Cattaro
27%
Carnaro
13%
Apuania
11%
Misurata
11%
Derna
7%
Ionio
7%
Nessun quiz corrispondente trovato
Distribuzione punteggi
Percentuale di utenti per punteggio
Percentile per numero di risposta
I tuoi punteggi nel tempo
Non hai fatto questo quiz